Normale Ansicht MARC-Ansicht ISBD

Vzlet i padenie parlamenta (Titelsatznr. 27379)

[ MARC ]
MARC-Details
000 -Satzkennung
Kontrollfeld mit fester Länge 00694nam a22001931cc4500
001 - Kontrollnummer
Kontrollfeld a987687930+Tom2
035 ## - Systemkontrollnummer
System-Kontrollnummer a987687930
008 - Feld mit fester Länge zur physischen Beschreibung - Allgemeine Angaben
Kontrollfeld mit fester Länge 991231s2005 gw |||| 000u rus d
020 ## - Internationale Standardbuchnummer
Internationale Standardbuchnummer 5862800344
Verknüpfung 5-86280-034-4
041 ## - Sprachcode
Sprachcode des Textes/der Tonspur oder des separaten Titels rus
040 ## - Katalogisierungsquelle
Übertragungsstelle RU-10907106
003 - Kontrollnummer Identifier
Kontrollfeld RU-10907106
245 00 - Titel
Titel Vzlet i padenie parlamenta
Zählung des Teils/der Abteilung eines Werkes Tom 2
Titel eines Teils/einer Abteilung eines Werkes Vzlet i padenie parlamenta : perelomnye gody v rossijskoj politike (1985-1993)
264 ## - Produktion, Veröffentlichung, Distribution, Herstellung und Urheberrechtsvermerk
Herstellungs-, Veröffentlichungs- Vertriebs-, Erzeugungsort Moskva,
Datum der Herstellung, der Veröffentlichung, des Vertriebs oder des Urheberschutzvermerks 2005
246 12 - Titelvarianten
Hauptsachtitel/Kurztitel Vzlet i padenie parlamenta : perelomnye gody v rossijskoj politike (1985-1993). Vzlet i padenie parlamenta : perelomnye gody v rossijskoj politike (1985-1993)
Zählung des Teils/der Abteilung eines Werkes Tom 2
300 ## - Physische Beschreibung
Umfang 771 S.
773 08 - Übergeordnete Einheit
Datensatzkontrollnummer a987687930
Zählung und erste Seite Tom2
942 ## - Zusätzliche Felder (Koha)
Koha-Medientyp Monographien
Exemplare
Ausgeschieden Verloren Klassifikation oder Aufstellungssystematik Beschädigt Nicht entleihbar Heimatbibliothek Aufenthaltsbibliothek Aufstellungsort Erwerbungsdatum Inventarnummer Signatur Barcode Letzte Aktivität Preis gültig von Koha-Medientyp
    Andere/Generische Klassifikation     MWN Osteuropa MWN Osteuropa Magazin - 2 22/03/2021 17-03372 R 65 ee Sej 1 (2) E00401507902D041 23/02/2021 22/03/2021 Monographien